International economic problem

Gardado en:
Detalles Bibliográficos
Autor Principal: Ingram, James C.
Formato: Libro
Idioma:Undetermined
Publicado: New York John Wiely and Sons 1978
Những chủ đề:
Các nhãn: Engadir etiqueta
Sen Etiquetas, Sexa o primeiro en etiquetar este rexistro!
Thư viện lưu trữ: Trung tâm Học liệu Trường Đại học Cần Thơ
LEADER 00500nam a2200181Ia 4500
001 CTU_81333
008 210402s9999 xx 000 0 und d
082 |a 382.3 
082 |b I.54 
100 |a Ingram, James C. 
245 0 |a International economic problem 
245 0 |c James C. Ingram 
260 |a New York 
260 |b John Wiely and Sons 
260 |c 1978 
650 |a International economic relations 
904 |i Trọng Hải 
980 |a Trung tâm Học liệu Trường Đại học Cần Thơ